Normal view
MARC view
- Microsoft Visual C++
Entry Uniform Title
001 - CONTROL NUMBER
- control field: 86540
003 - CONTROL NUMBER IDENTIFIER
- control field: NUST
005 - DATE AND TIME OF LATEST TRANSACTION
- control field: 20211213182414.0
008 - FIXED-LENGTH DATA ELEMENTS
- fixed length control field: 211213|| aca||aabn | a|a d
040 ## - CATALOGING SOURCE
- Original cataloging agency: NUST
- Transcribing agency: NUST
130 ## - HEADING--UNIFORM TITLE
- Uniform title: Microsoft Visual C++
670 ## - SOURCE DATA FOUND
- Source citation: Work cat.: (NUST)0: Williams, Mickey. 86539, Develop a professional Visual C++ application in 21 days /, c1995.
